00645nam a22001697a 4500008004100000020002100041040005500062080002700117245016700144260003400311300001600345650001500361653002000376700002900396700002400425700002600449230322b |||||||| |||| 00| 0 eng d a10-0-387-36790-X aNational Science LibrarycNational Science Library aD 681.3.015(082.2)bP6 aHuman work interaction design: bDesigning for human workc/ The first IFIP TC 13.6 WG conference designing for human work, 13-15 February, 2006 Madeira, Portugal aNew York: bSpringer, c2006c aviii, 250p. aHuman work aMotion analysis aClemmensen, Torkil (Ed.) aCampos, Pedro (Ed.) aOrngreen, Rikke (Ed.)